[Event "Chalkida Evoiki op 5th"]
[Site "Chalkida"]
[Date "2023.01.07"]
[Round "4"]
[White "Kassios, Dimitrios"]
[Black "Stefan, Victor"]
[Result "1/2-1/2"]
[WhiteElo "1817"]
[BlackElo "2058"]
[PlyCount "63"]
[EventDate "2023.01.05"]
[EventType "swiss"]
[EventRounds "7"]
[EventCountry "GRE"]
[SourceTitle "CBM 212 Extra"]
[Source "ChessBase"]
[SourceDate "2023.03.31"]
[SourceVersion "1"]
[SourceVersionDate "2023.03.31"]
[SourceQuality "1"]

1. e4 c5 2. Nf3 Nc6 3. d4 cxd4 4. Nxd4 Nf6 5. Nc3 d6 6. g3 e6 7. Bg2 Be7 8. Be3 0-0 9. 0-0 Bd7 10. f4 Nxd4 11. Bxd4 e5 12. fxe5 dxe5 13. Bxe5 Bc5+ 14. Kh1 Ng4 15. Bd4 Bxd4 16. Qxd4 Bc6 17. Nd5 Re8 18. Rf4 Ne5 19. Rd1 Qa5 20. b4 Qxa2 21. Nc7 Rac8 22. Nxe8 Rxe8 23. c3 a6 24. g4 h6 25. h3 Qb3 26. Rdf1 Qe6 27. Rf5 Re7 28. R1f2 f6 29. Qd8+ Re8 30. Qd4 Re7 31. Qd8+ Re8 32. Qd4 1/2-1/2

[Event "Thessaloniki op 1st"]
[Site "Thessaloniki"]
[Date "2022.08.08"]
[Round "7"]
[White "Stefan, Victor"]
[Black "Papadimitriou, Loukas"]
[Result "0-1"]
[WhiteElo "2026"]
[BlackElo "1926"]
[PlyCount "120"]
[EventDate "2022.08.03"]
[EventType "swiss"]
[EventRounds "9"]
[EventCountry "GRE"]
[SourceTitle "CBM 209 Extra"]
[Source "ChessBase"]
[SourceDate "2022.09.30"]
[SourceVersion "1"]
[SourceVersionDate "2022.09.30"]
[SourceQuality "1"]

1. e4 e5 2. f4 Bc5 3. Nf3 d6 4. c3 Bb6 5. d4 exd4 6. cxd4 Bg4 7. Be3 Nc6 8. Bb5 a6 9. Ba4 d5 10. h3 Bxf3 11. Qxf3 dxe4 12. Qxe4+ Nge7 13. Nc3 0-0 14. 0-0-0 Nb4 15. a3 Nbd5 16. Bc2 g6 17. h4 Re8 18. Bf2 Qd6 19. Qe5 Nxc3 20. Qxd6 cxd6 21. bxc3 Nd5 22. Rd3 Rac8 23. Re1 Nxf4 24. Rf3 Rxe1+ 25. Bxe1 Ne6 26. Kb2 h5 27. Bb3 Kg7 28. Bg3 Rd8 29. Rf1 Ba5 30. Bd5 Rd7 31. a4 Nd8 32. Kc2 Nc6 33. Kd3 Bd8 34. Re1 Ne7 35. Be4 d5 36. Bf3 Nf5 37. Be5+ f6 38. Bb8 Nxh4 39. Bd1 Bc7 40. Bxc7 Rxc7 41. g3 Nf5 42. g4 hxg4 43. Bxg4 Re7 44. Rxe7+ Nxe7 45. c4 b6 46. Bd7 dxc4+ 47. Kxc4 Kf7 48. Kb4 Nd5+ 49. Kc4 Nc7 50. a5 bxa5 51. Kc5 Ke7 52. Ba4 Ne6+ 53. Kd5 g5 54. Bd1 Nc7+ 55. Kc6 Nb5 56. d5 Nd6 57. Kb6 f5 58. Kxa5 Nc4+ 59. Kxa6 Kd6 60. Kb5 Ne3 0-1

[Event "GRE-chT2 48th"]
[Site "Thessaloniki"]
[Date "2021.10.10"]
[Round "7.5"]
[White "Romanos, Theodoros"]
[Black "Stefan, Victor"]
[Result "0-1"]
[WhiteElo "2069"]
[BlackElo "2004"]
[PlyCount "54"]
[EventDate "2021.10.05"]
[EventType "team-swiss"]
[EventRounds "7"]
[EventCountry "GRE"]
[SourceTitle "CBM 204 Extra"]
[Source "ChessBase"]
[SourceDate "2021.11.30"]
[SourceVersion "1"]
[SourceVersionDate "2021.11.30"]
[SourceQuality "1"]
[WhiteTeam "Polygyrou ASO"]
[BlackTeam "Giannitson"]
[WhiteTeamCountry "GRE"]
[BlackTeamCountry "GRE"]

1. d4 e6 2. c4 Nf6 3. Nc3 Bb4 4. Qc2 d6 5. Nf3 Nbd7 6. e3 b6 7. Be2 Bb7 8. 0-0 Bxc3 9. Qxc3 Ne4 10. Qc2 0-0 11. Ne1 f5 12. f3 Nef6 13. b4 c5 14. bxc5 dxc5 15. Ba3 Rc8 16. Nd3 Re8 17. Rfd1 Qc7 18. dxc5 Nxc5 19. Nxc5 bxc5 20. Rd3 e5 21. Rd2 f4 22. exf4 e4 23. Rf1 Qxf4 24. Qc3 exf3 25. Bxf3 Bxf3 26. Rd3 Ng4 27. g3 Qh6 0-1

[Event "GRE-chT2 48th"]
[Site "Thessaloniki"]
[Date "2021.10.09"]
[Round "6.7"]
[White "Lolos, Ioannis"]
[Black "Stefan, Victor"]
[Result "0-1"]
[WhiteElo "2007"]
[BlackElo "2004"]
[PlyCount "42"]
[EventDate "2021.10.05"]
[EventType "team-swiss"]
[EventRounds "7"]
[EventCountry "GRE"]
[SourceTitle "CBM 204 Extra"]
[Source "ChessBase"]
[SourceDate "2021.11.30"]
[SourceVersion "1"]
[SourceVersionDate "2021.11.30"]
[SourceQuality "1"]
[WhiteTeam "Katerinis"]
[BlackTeam "Giannitson"]
[WhiteTeamCountry "GRE"]
[BlackTeamCountry "GRE"]

1. e4 e6 2. b3 d5 3. Bb2 dxe4 4. Nc3 Nf6 5. Qe2 Nc6 6. Nxe4 Be7 7. Nf3 0-0 8. 0-0-0 a5 9. a4 Nd5 10. h4 b5 11. axb5 Ncb4 12. Nfg5 a4 13. Nxh7 a3 14. Ba1 a2 15. Re1 Kxh7 16. Qh5+ Kg8 17. Ng5 Nf6 18. Bxf6 a1Q+ 19. Bxa1 Rxa1+ 20. Kb2 Qd4+ 21. c3 Qxd2+ 0-1

[Event "GRE-chT2 48th"]
[Site "Thessaloniki"]
[Date "2021.10.08"]
[Round "5.7"]
[White "Toliopoulos, Konstantinos"]
[Black "Stefan, Victor"]
[Result "0-1"]
[WhiteElo "1766"]
[BlackElo "2004"]
[PlyCount "62"]
[EventDate "2021.10.05"]
[EventType "team-swiss"]
[EventRounds "7"]
[EventCountry "GRE"]
[SourceTitle "CBM 204 Extra"]
[Source "ChessBase"]
[SourceDate "2021.11.30"]
[SourceVersion "1"]
[SourceVersionDate "2021.11.30"]
[SourceQuality "1"]
[WhiteTeam "Serron PSSK"]
[BlackTeam "Giannitson"]
[WhiteTeamCountry "GRE"]
[BlackTeamCountry "GRE"]

1. d4 d5 2. c4 e6 3. Nf3 c5 4. cxd5 exd5 5. g3 Nc6 6. Bg2 Nf6 7. 0-0 Be7 8. Nc3 0-0 9. h3 Re8 10. Be3 c4 11. b3 Qa5 12. Bd2 Bb4 13. Qe1 Qa6 14. e3 Bf5 15. Ne5 Nxe5 16. dxe5 Rxe5 17. f4 Ree8 18. Nxd5 Nxd5 19. Bxd5 c3 20. Bxc3 Bc5 21. Be5 Bxh3 22. Qc3 Rac8 23. Rf2 Qb6 24. Bd4 Qg6 25. Bxc5 Qxg3+ 26. Bg2 b6 27. b4 bxc5 28. bxc5 Rxe3 29. Qd4 Rce8 30. Raf1 Re1 31. c6 Bxg2 0-1

[Event "GRE-ch U20"]
[Site "Trikala"]
[Date "2021.08.28"]
[Round "8"]
[White "Stefan, Victor"]
[Black "Tragoudaras, Nikolaos"]
[Result "1-0"]
[WhiteElo "2117"]
[BlackElo "1690"]
[PlyCount "113"]
[EventDate "2021.08.23"]
[EventType "swiss"]
[EventRounds "9"]
[EventCountry "GRE"]
[SourceTitle "EXT 2022"]
[Source "ChessBase"]
[SourceDate "2021.10.06"]
[SourceVersion "1"]
[SourceVersionDate "2021.10.06"]
[SourceQuality "1"]

1. e4 Nf6 2. d3 d5 3. Nd2 e5 4. Ngf3 Nc6 5. Be2 Bc5 6. 0-0 0-0 7. c3 a5 8. b3 d4 9. cxd4 Nxd4 10. Bb2 Re8 11. Rc1 Bb6 12. Nxd4 Bxd4 13. Bxd4 exd4 14. f4 Bd7 15. Rc5 Bc6 16. Rg5 a4 17. b4 h6 18. Rg3 a3 19. Nc4 Bxe4 20. dxe4 Nxe4 21. Bd3 Nxg3 22. hxg3 Qe7 23. Qh5 Qxb4 24. Kh2 Re6 25. Ne5 g6 26. Qxh6 Qf8 27. Qg5 f6 28. Qxg6+ Qg7 29. Bc4 Qxg6 30. Nxg6 Kg7 31. Bxe6 Kxg6 32. g4 Rd8 33. f5+ Kg7 34. Kg3 d3 35. Kf3 Rd4 36. Rd1 Kh6 37. Ke3 Rxg4 38. Rd2 Kg5 39. Kxd3 Kf4 40. Rc2 Rg7 41. Kc4 Ke5 42. Kb4 c6 43. Kxa3 Rg4 44. Kb3 Kd6 45. Kc3 Ke5 46. Rb2 b5 47. Re2+ Kd6 48. Kd3 Ra4 49. Ke3 c5 50. Rd2+ Kc6 51. Bd7+ Kb6 52. Rb2 Ra3+ 53. Kf4 b4 54. g4 Ka5 55. Rc2 Kb6 56. Be6 Ra4 57. Bb3 1-0

[Event "GRE-ch U20"]
[Site "Trikala"]
[Date "2021.08.26"]
[Round "6"]
[White "Deligiannis, Christos Nikolaos"]
[Black "Stefan, Victor"]
[Result "0-1"]
[WhiteElo "1735"]
[BlackElo "2117"]
[PlyCount "106"]
[EventDate "2021.08.23"]
[EventType "swiss"]
[EventRounds "9"]
[EventCountry "GRE"]
[SourceTitle "EXT 2022"]
[Source "ChessBase"]
[SourceDate "2021.10.06"]
[SourceVersion "1"]
[SourceVersionDate "2021.10.06"]
[SourceQuality "1"]

1. d4 d5 2. c4 e6 3. g3 c5 4. Bg2 Nf6 5. Nf3 Nc6 6. 0-0 Be7 7. dxc5 Bxc5 8. Bg5 0-0 9. cxd5 exd5 10. Bxf6 Qxf6 11. Qxd5 Qxb2 12. Nbd2 Bb6 13. Nc4 Be6 14. Qd2 Qxd2 15. Nfxd2 Bc7 16. Rab1 Rab8 17. Rb2 b5 18. Bxc6 bxc4 19. Rc2 Rfc8 20. Bf3 Be5 21. Nb1 g6 22. Nc3 Kg7 23. Rfc1 a5 24. Nd5 Rb2 25. Ne7 Rc5 26. Nc6 Bf6 27. e3 c3 28. Nd4 Bxd4 29. exd4 Rxc2 30. Rxc2 Rc8 31. Be4 a4 32. d5 f5 33. dxe6 fxe4 34. f4 Kf6 35. Kf2 Kxe6 36. Ke3 Kd5 37. g4 Kc4 38. h4 a3 39. h5 gxh5 40. gxh5 Rb8 41. f5 Rc8 42. f6 Kd5 43. f7 Ke6 44. Kxe4 Kxf7 45. Kd3 Kg7 46. Rxc3 Rxc3+ 47. Kxc3 Kh6 48. Kb3 Kxh5 49. Kxa3 Kg4 50. Kb4 h5 51. a4 h4 52. a5 h3 53. a6 h2 0-1

[Event "GRE-ch U18 23rd"]
[Site "Rethymno"]
[Date "2020.01.07"]
[Round "8"]
[White "Stefan, Victor"]
[Black "Marinakis, Hristos"]
[Result "1/2-1/2"]
[WhiteElo "2191"]
[BlackElo "2090"]
[PlyCount "156"]
[EventDate "2020.01.02"]
[EventType "swiss"]
[EventRounds "9"]
[EventCountry "GRE"]
[SourceTitle "EXT 2021"]
[Source "ChessBase"]
[SourceDate "2020.10.23"]
[SourceVersion "1"]
[SourceVersionDate "2020.10.23"]
[SourceQuality "1"]

1. e4 e5 2. Nf3 Nc6 3. Bb5 a6 4. Ba4 Nf6 5. 0-0 Be7 6. Re1 b5 7. Bb3 d6 8. c3 0-0 9. d3 Na5 10. Bc2 c5 11. Nbd2 Re8 12. Nf1 Nc6 13. h3 h6 14. Ng3 Bf8 15. d4 exd4 16. cxd4 cxd4 17. Nxd4 Nxd4 18. Qxd4 Be6 19. Bd2 Rc8 20. Bb3 Nd7 21. Bc3 Ne5 22. Bxe6 Rxe6 23. Rad1 Rc4 24. Qa7 Qc8 25. Nf5 Nc6 26. Qb6 b4 27. Bd4 Nxd4 28. Nxd4 Rg6 29. Nf5 d5 30. Qa5 Rc5 31. Qa4 dxe4 32. Ng3 Rc4 33. b3 Rc2 34. Rxe4 Qc5 35. Red4 Qe5 36. Qd7 Rxg3 37. fxg3 Bc5 38. Kh2 Bxd4 39. Rxd4 Rxa2 40. Rxb4 Rf2 41. Qd4 Qe2 42. Qe4 Qxe4 43. Rxe4 Kf8 44. Rb4 Rf6 45. Rb7 Ke8 46. b4 Rd6 47. b5 axb5 48. Rxb5 Ke7 49. g4 Kf6 50. Rf5+ Ke6 51. Rf3 Rd2 52. Kg3 Re2 53. Rf4 Re3+ 54. Kf2 Rb3 55. h4 Rb2+ 56. Kg3 Rb3+ 57. Kf2 Ra3 58. h5 Ra5 59. Kg3 Rg5 60. Kf3 g6 61. hxg6 fxg6 62. Ra4 Rd5 63. Ra6+ Rd6 64. Rxd6+ Kxd6 65. g5 h5 66. g4 hxg4+ 67. Kxg4 Ke5 68. Kg3 Kf5 69. Kf3 Kxg5 70. Kg3 Kf5 71. Kf3 g5 72. Kg3 g4 73. Kg2 Kf4 74. Kf2 g3+ 75. Kg2 Kg4 76. Kg1 Kf3 77. Kf1 g2+ 78. Kg1 Kg3 1/2-1/2

[Event "GRE-ch U18 23rd"]
[Site "Rethymno"]
[Date "2020.01.06"]
[Round "7"]
[White "Tsarsitalidis, Konstantinos"]
[Black "Stefan, Victor"]
[Result "1/2-1/2"]
[WhiteElo "2014"]
[BlackElo "2191"]
[PlyCount "131"]
[EventDate "2020.01.02"]
[EventType "swiss"]
[EventRounds "9"]
[EventCountry "GRE"]
[SourceTitle "EXT 2021"]
[Source "ChessBase"]
[SourceDate "2020.10.23"]
[SourceVersion "1"]
[SourceVersionDate "2020.10.23"]
[SourceQuality "1"]

1. e4 e6 2. d4 d5 3. Nc3 Nf6 4. Bg5 dxe4 5. Nxe4 Be7 6. Bxf6 gxf6 7. Nf3 f5 8. Ng3 c5 9. Bb5+ Bd7 10. Bxd7+ Nxd7 11. c3 h5 12. Qb3 h4 13. Ne2 Qc7 14. 0-0-0 0-0-0 15. d5 e5 16. d6 Bxd6 17. Ng5 c4 18. Qc2 Nc5 19. Qxf5+ Kb8 20. Kb1 Qb6 21. Qc2 Rhf8 22. Nc1 f5 23. g3 e4 24. Rhf1 Be5 25. f3 Qg6 26. gxh4 Bf6 27. fxe4 fxe4 28. Nh3 Nd3 29. Nf4 Qg4 30. h3 Qd7 31. Nh5 Be5 32. Qg2 Qh7 33. Ng3 Qg6 34. Nce2 Qb6 35. Nc1 Rg8 36. Nxd3 cxd3 37. Qxe4 Bxg3 38. Rxd3 Rde8 39. Qd5 Qg6 40. Rf7 Bc7 41. h5 Qg1+ 42. Rd1 Re1 43. Rxe1 Qxe1+ 44. Kc2 Rd8 45. Rd7 Qe2+ 46. Kb3 Rxd7 47. Qxd7 Qxh5 48. a3 a6 49. Ka2 Qc5 50. Qe6 Ka7 51. Qf7 Bg3 52. Qg8 Be5 53. Qf7 Qd6 54. Qc4 Qc6 55. Qg8 b5 56. Qf7+ Kb6 57. Qf2+ Qc5 58. Qxc5+ Kxc5 59. Kb3 a5 60. a4 b4 61. cxb4+ axb4 62. h4 Bf4 63. h5 Be3 64. a5 Bd2 65. h6 Bxh6 66. a6 1/2-1/2

[Event "Wch U16"]
[Site "Porto Carras"]
[Date "2018.10.20"]
[Round "1"]
[White "Kalavannan, Koby"]
[Black "Stefan, Victor"]
[Result "0-1"]
[WhiteElo "2365"]
[BlackElo "1998"]
[PlyCount "144"]
[EventDate "2018.10.20"]
[EventType "swiss"]
[EventRounds "11"]
[EventCountry "GRE"]
[SourceTitle "CBM 187 Extra"]
[Source "ChessBase"]
[SourceDate "2018.11.04"]
[SourceVersion "1"]
[SourceVersionDate "2018.11.04"]
[SourceQuality "1"]

1. d4 d5 2. c4 e6 3. Nf3 Nf6 4. g3 dxc4 5. Qa4+ Nbd7 6. Bg2 a6 7. Qxc4 b5 8. Qc6 Ra7 9. Qc2 Bb7 10. Nc3 c5 11. dxc5 Bxc5 12. 0-0 0-0 13. a3 Ra8 14. e4 Rc8 15. Bf4 Qb6 16. Rad1 Rfd8 17. e5 Ng4 18. Qe2 Bf8 19. Bg5 f6 20. exf6 Ndxf6 21. h3 Nh6 22. Bxh6 gxh6 23. Qe5 Bg7 24. Nd4 Bxg2 25. Kxg2 Rd6 26. Nde2 Qc6+ 27. Kg1 Rcd8 28. Rxd6 Rxd6 29. Qe3 Qc4 30. Qf4 Qxf4 31. Nxf4 Kf7 32. Rd1 Rxd1+ 33. Nxd1 Nd5 34. Nd3 Bd4 35. Kg2 e5 36. Kf3 Ke6 37. b3 a5 38. Kg4 Nf6+ 39. Kh4 Kd5 40. g4 Ke4 41. Ne1 Kf4 42. a4 bxa4 43. bxa4 e4 44. Nc2 Bc5 45. Nce3 Be7 46. Nf5 Bd8 47. Nd4 Nd5+ 48. Kh5 Bf6 49. Ne6+ Ke5 50. g5 hxg5 51. Nf8 Kf5 52. Kh6 Bd4 53. Nxh7 Nb6 54. Nxg5 Nxa4 55. Nf7 Ke6 56. Kg6 Nc5 57. Ng5+ Kd5 58. h4 a4 59. Nh3 Ne6 60. Ng1 Nf4+ 61. Kf5 a3 62. Kxf4 a2 63. Ne2 a1Q 64. Nxd4 Qxd1 65. Nf5 Qf3+ 66. Kg5 Qxf2 67. h5 e3 68. Nxe3+ Qxe3+ 69. Kg6 Ke6 70. h6 Qg3+ 71. Kh7 Kf7 72. Kh8 Qg8# 0-1

[Event "GRE-chT 46th"]
[Site "Rio Achaia"]
[Date "2018.07.15"]
[Round "7.4"]
[White "Stefan, Victor"]
[Black "Georgakopoulos, Nikolaos K"]
[Result "0-1"]
[WhiteElo "2102"]
[BlackElo "2033"]
[PlyCount "118"]
[EventDate "2018.07.10"]
[EventType "team"]
[EventRounds "7"]
[EventCountry "GRE"]
[SourceTitle "CBM 185 Extra"]
[Source "ChessBase"]
[SourceDate "2018.07.29"]
[SourceVersion "1"]
[SourceVersionDate "2018.07.29"]
[SourceQuality "1"]
[WhiteTeam "Panionios GA"]
[BlackTeam "Chania"]
[WhiteTeamCountry "GRE"]
[BlackTeamCountry "GRE"]

1. e4 c5 2. Nf3 Nc6 3. d4 cxd4 4. Nxd4 Nf6 5. Nc3 e5 6. Ndb5 d6 7. Nd5 Nxd5 8. exd5 Nb8 9. a4 Be7 10. Be2 0-0 11. 0-0 Nd7 12. Kh1 a6 13. Na3 f5 14. f4 exf4 15. Bxf4 Ne5 16. Nc4 Bf6 17. c3 g5 18. Be3 f4 19. Bb6 Qe7 20. Nxe5 Bxe5 21. Bg4 Qg7 22. Qf3 Bxg4 23. Qxg4 Qg6 24. Rae1 h5 25. Qe2 Rae8 26. Qe4 Kg7 27. a5 Qxe4 28. Rxe4 Kg6 29. Rfe1 Kf5 30. b4 Rc8 31. Bd4 Rc4 32. Rxe5+ dxe5 33. Rxe5+ Kg6 34. Re6+ Kf7 35. Rb6 Rc7 36. Kg1 Rd7 37. Rf6+ Ke8 38. Re6+ Kf7 39. Rf6+ Ke8 40. Re6+ Kd8 41. c4 Rdf7 42. b5 axb5 43. cxb5 Rf5 44. Rd6+ Kc7 45. Bc5 R8f6 46. b6+ Kc8 47. Rxf6 Rxf6 48. Be7 Rf5 49. d6 Rxa5 50. Kf2 g4 51. h3 Ra2+ 52. Kf1 Kd7 53. hxg4 hxg4 54. Bg5 Ra4 55. Kf2 Kxd6 56. Bd8 Ke5 57. Bc7+ Ke4 58. Kg1 Ra2 59. Kf1 f3 0-1

[Event "GRE-chT 46th"]
[Site "Rio Achaia"]
[Date "2018.07.11"]
[Round "3.5"]
[White "Loutragotis, Paraskevas Pantelei"]
[Black "Stefan, Victor"]
[Result "1/2-1/2"]
[WhiteElo "1980"]
[BlackElo "2102"]
[PlyCount "234"]
[EventDate "2018.07.10"]
[EventType "team"]
[EventRounds "7"]
[EventCountry "GRE"]
[SourceTitle "CBM 185 Extra"]
[Source "ChessBase"]
[SourceDate "2018.07.29"]
[SourceVersion "1"]
[SourceVersionDate "2018.07.29"]
[SourceQuality "1"]
[WhiteTeam "Zone of Glyfada"]
[BlackTeam "Panionios GA"]
[WhiteTeamCountry "GRE"]
[BlackTeamCountry "GRE"]

1. e4 c6 2. d4 d5 3. Nd2 dxe4 4. Nxe4 Bf5 5. Ng3 Bg6 6. h4 h6 7. Nf3 Nd7 8. h5 Bh7 9. Bd3 Bxd3 10. Qxd3 e6 11. Bd2 Ngf6 12. 0-0-0 Be7 13. c4 0-0 14. Ne4 b5 15. c5 Nxc5 16. Nxc5 Bxc5 17. Bxh6 gxh6 18. dxc5 Qxd3 19. Rxd3 Rfd8 20. Rhd1 Rd5 21. Rxd5 cxd5 22. Nd4 Rc8 23. b4 a6 24. Kd2 Kf8 25. f3 Ke7 26. g4 Kd7 27. Re1 Rg8 28. a4 bxa4 29. Ra1 Kc7 30. Rxa4 Kb7 31. Kc3 Rc8 32. Ra1 Nd7 33. Re1 a5 34. Kb3 Kc7 35. c6 Nb6 36. Nb5+ Kd8 37. c7+ Kd7 38. bxa5 Nc4 39. Kb4 f6 40. f4 Rg8 41. Rg1 Ne3 42. Kc5 e5 43. fxe5 fxe5 44. g5 hxg5 45. h6 g4 46. h7 Rh8 47. Kb6 Nc4+ 48. Ka7 Kc6 49. Ka6 Ra8+ 50. Na7+ Kxc7 51. Rxg4 Rh8 52. Rg7+ Kd6 53. Kb5 Nxa5 54. Kxa5 Ke6 55. Nc6 Kf6 56. Rd7 e4 57. Kb4 Kg6 58. Ne5+ Kf6 59. Ng4+ Kg6 60. Rxd5 Rxh7 61. Kc4 Ra7 62. Ne5+ Kf6 63. Kd4 Ra4+ 64. Ke3 Ke6 65. Rb5 Ra3+ 66. Kxe4 Ra4+ 67. Ke3 Kf6 68. Nf3 Ra3+ 69. Ke4 Ra4+ 70. Nd4 Kg6 71. Rd5 Kf6 72. Rf5+ Kg6 73. Rf2 Kg5 74. Kd5 Ra5+ 75. Kd6 Ra6+ 76. Nc6 Kg4 77. Rf6 Kg5 78. Ke7 Rb6 79. Kf7 Rb7+ 80. Ne7 Ra7 81. Rf1 Kg4 82. Kf6 Kg3 83. Nd5 Ra8 84. Ke5 Re8+ 85. Kd4 Rd8 86. Ke4 Re8+ 87. Kf5 Kg2 88. Rf4 Rf8+ 89. Nf6 Kg3 90. Kg5 Ra8 91. Ne4+ Kg2 92. Rf2+ Kg1 93. Rb2 Rg8+ 94. Kf4 Rf8+ 95. Kg4 Rg8+ 96. Kf3 Rf8+ 97. Ke3 Re8 98. Re2 Kf1 99. Rf2+ Kg1 100. Rf4 Kg2 101. Rg4+ Kf1 102. Kf3 Rf8+ 103. Ke3 Re8 104. Rf4+ Kg2 105. Ke2 Re7 106. Rg4+ Kh3 107. Rf4 Kg2 108. Ke3 Re8 109. Rg4+ Kf1 110. Rg6 Re7 111. Kf3 Rf7+ 112. Nf6 Ke1 113. Ke3 Kd1 114. Ne4 Kc2 115. Rc6+ Kb2 116. Rb6+ Kc2 117. Rc6+ Kb2 1/2-1/2

[Event "GRE-ch U16"]
[Site "Rio Achaia"]
[Date "2018.07.09"]
[Round "9"]
[White "Stefan, Victor"]
[Black "Ergazakis, Ioannis"]
[Result "0-1"]
[WhiteElo "2102"]
[BlackElo "2228"]
[PlyCount "68"]
[EventDate "2018.07.03"]
[EventType "swiss"]
[EventRounds "9"]
[EventCountry "GRE"]
[SourceTitle "EXT 2019"]
[Source "ChessBase"]
[SourceDate "2018.10.10"]
[SourceVersion "1"]
[SourceVersionDate "2018.10.10"]
[SourceQuality "1"]

1. e4 c5 2. Nf3 d6 3. d4 cxd4 4. Nxd4 Nf6 5. Nc3 a6 6. Bg5 Nbd7 7. Qe2 h6 8. Bh4 g6 9. f4 e5 10. fxe5 dxe5 11. 0-0-0 Qc7 12. Nb3 b5 13. Nd5 Nxd5 14. exd5 Bd6 15. Qd2 Kf8 16. g4 Kg7 17. Qg2 Bb7 18. Bd3 Nb6 19. Be4 a5 20. Qf3 a4 21. Bf6+ Kh7 22. Nd2 Rhc8 23. h4 Nxd5 24. c4 Nxf6 25. Bxb7 e4 26. Nxe4 Qxc4+ 27. Kb1 Qc2+ 28. Ka1 Be5 29. Nxf6+ Kh8 30. Qa3 b4 31. Qxb4 a3 32. Rb1 axb2+ 33. Rxb2 Qc1+ 34. Rxc1 Rxc1# 0-1

[Event "GRE-ch U16"]
[Site "Rio Achaia"]
[Date "2018.07.05"]
[Round "4"]
[White "Brokalakis Gounaris, Christos"]
[Black "Stefan, Victor"]
[Result "1-0"]
[WhiteElo "1901"]
[BlackElo "2102"]
[PlyCount "79"]
[EventDate "2018.07.03"]
[EventType "swiss"]
[EventRounds "9"]
[EventCountry "GRE"]
[SourceTitle "EXT 2019"]
[Source "ChessBase"]
[SourceDate "2018.10.10"]
[SourceVersion "1"]
[SourceVersionDate "2018.10.10"]
[SourceQuality "1"]

1. d4 Nf6 2. c4 e6 3. Nf3 d5 4. e3 Nbd7 5. Qc2 b6 6. Nc3 Bb7 7. b3 c6 8. Be2 Bd6 9. 0-0 0-0 10. Bb2 Qe7 11. Rad1 Rad8 12. Rfe1 Rfe8 13. g3 Bb8 14. Bf1 c5 15. Bg2 Qf8 16. a3 dxc4 17. bxc4 cxd4 18. exd4 Rc8 19. Qb3 Ba6 20. Nb5 e5 21. Nxe5 Bxe5 22. dxe5 Nc5 23. Qa2 Ng4 24. Nd6 Ne6 25. h3 Nh6 26. Nxc8 Rxc8 27. Bd5 Qc5 28. a4 Nf5 29. Kg2 Qe7 30. Re4 h5 31. a5 b5 32. cxb5 Bxb5 33. Ba3 Qe8 34. Bd6 a6 35. Qa3 Rc2 36. Ree1 Qd8 37. Be4 Nf4+ 38. gxf4 Qh4 39. Bxc2 Qxf4 40. Bxf5 1-0

[Event "GRE-ch U16"]
[Site "Rio Achaia"]
[Date "2018.07.04"]
[Round "3"]
[White "Stefan, Victor"]
[Black "Georgiadis, Nikolaos Xant"]
[Result "1-0"]
[WhiteElo "2102"]
[BlackElo "1758"]
[PlyCount "61"]
[EventDate "2018.07.03"]
[EventType "swiss"]
[EventRounds "9"]
[EventCountry "GRE"]
[SourceTitle "EXT 2019"]
[Source "ChessBase"]
[SourceDate "2018.10.10"]
[SourceVersion "1"]
[SourceVersionDate "2018.10.10"]
[SourceQuality "1"]

1. e4 e5 2. Nf3 Nc6 3. Bb5 a6 4. Ba4 Nf6 5. 0-0 d6 6. Re1 b5 7. Bb3 Na5 8. d4 Nxb3 9. axb3 Qe7 10. Bg5 Bb7 11. Nc3 c6 12. b4 h6 13. Bh4 g6 14. d5 c5 15. bxc5 dxc5 16. d6 Qe6 17. Bxf6 Qxf6 18. d7+ Kd8 19. Nd5 Qe6 20. Qd2 b4 21. c3 f6 22. cxb4 Bxd5 23. exd5 Qb6 24. Qc2 g5 25. Rac1 Qxb4 26. Qf5 Be7 27. Nxe5 fxe5 28. Qxe5 Rh7 29. d6 Bxd6 30. Qxd6 Rh8 31. Qe7+ 1-0

[Event "Thessaloniki Triandria op 11th"]
[Site "Thessaloniki"]
[Date "2018.04.12"]
[Round "5"]
[White "Inkiov, Ventzislav"]
[Black "Stefan, Victor"]
[Result "1-0"]
[WhiteElo "2452"]
[BlackElo "2114"]
[PlyCount "97"]
[EventDate "2018.04.09"]
[EventType "swiss"]
[EventRounds "9"]
[EventCountry "GRE"]
[SourceTitle "CBM 183 Extra"]
[Source "ChessBase"]
[SourceDate "2018.04.19"]
[SourceVersion "1"]
[SourceVersionDate "2018.04.19"]
[SourceQuality "1"]

1. e4 c6 2. d4 d5 3. exd5 cxd5 4. c4 Nf6 5. Nc3 Nc6 6. Bg5 dxc4 7. d5 Ne5 8. Qd4 h6 9. Bh4 Ng6 10. Bg3 e5 11. Bxe5 Nxe5 12. Qxe5+ Be7 13. Rd1 Ng4 14. Qd4 0-0 15. Be2 Re8 16. Kf1 Bf6 17. Qxc4 Ne5 18. Qb3 Bf5 19. Nf3 Nxf3 20. Bxf3 g5 21. h3 Qd6 22. g4 Bg6 23. Kg2 a6 24. Rhe1 Qf4 25. Ne2 Qe5 26. d6 Rad8 27. d7 Re7 28. Qxb7 Qxb2 29. Qc7 Re6 30. Ng3 Qc2 31. Qxc2 Bxc2 32. Rxe6 fxe6 33. Re1 Kf7 34. Bc6 Bd3 35. a4 Bc4 36. Rd1 Ke7 37. Ne4 Be5 38. Nc5 Bc7 39. Rd4 Ba2 40. Nb7 Bb6 41. Rb4 Bc7 42. Nxd8 Bxd8 43. Rb8 Bd5+ 44. Bxd5 exd5 45. Ra8 a5 46. Ra6 Kxd7 47. Rxh6 Be7 48. Kf3 Bd6 49. Rg6 1-0

[Event "Thessaloniki White Tower op 40th"]
[Site "Thessaloniki"]
[Date "2018.01.03"]
[Round "2"]
[White "Giannoulakis, Labros"]
[Black "Stefan, Victor"]
[Result "1-0"]
[WhiteElo "2281"]
[BlackElo "2108"]
[PlyCount "55"]
[EventDate "2018.01.02"]
[EventType "swiss"]
[EventRounds "9"]
[EventCountry "GRE"]
[SourceTitle "CBM 182 Extra"]
[Source "ChessBase"]
[SourceDate "2018.02.23"]
[SourceVersion "1"]
[SourceVersionDate "2018.02.23"]
[SourceQuality "1"]

1. Nf3 Nf6 2. c4 e6 3. d4 d5 4. Nc3 c6 5. cxd5 exd5 6. Bg5 Be7 7. e3 Bf5 8. Bd3 Bxd3 9. Qxd3 0-0 10. h3 Ne4 11. Bf4 Bb4 12. 0-0 Re8 13. Ne5 Bxc3 14. bxc3 Nd7 15. Nxd7 Qxd7 16. f3 Nd6 17. Rae1 Re6 18. e4 Rae8 19. e5 f6 20. Bg3 fxe5 21. dxe5 Nc4 22. f4 Qc7 23. f5 Rxe5 24. Bxe5 Rxe5 25. Qg3 Kf7 26. f6 g6 27. Qf4 g5 28. Qg4 1-0

[Event "EU-ch U16 27th"]
[Site "Mamaia"]
[Date "2017.09.08"]
[Round "4"]
[White "Stefan, Victor"]
[Black "Burri, Quentin"]
[Result "1-0"]
[WhiteElo "2020"]
[BlackElo "2412"]
[PlyCount "73"]
[EventDate "2017.09.05"]
[EventType "swiss"]
[EventRounds "9"]
[EventCountry "ROU"]
[SourceTitle "CBM 180 Extra"]
[Source "ChessBase"]
[SourceDate "2017.10.06"]
[SourceVersion "1"]
[SourceVersionDate "2017.10.06"]
[SourceQuality "1"]

1. d4 d5 2. Nf3 Nf6 3. c4 c6 4. Nc3 dxc4 5. a4 Bf5 6. Ne5 Nbd7 7. Nxc4 Qc7 8. g3 e5 9. dxe5 Nxe5 10. Bf4 Nfd7 11. Bg2 g5 12. Ne3 gxf4 13. Nxf5 0-0-0 14. Qc2 Nc5 15. 0-0 a5 16. b4 axb4 17. Ne4 f3 18. Nxc5 fxg2 19. Rfc1 Rd5 20. Nb3 Kb8 21. a5 Ka7 22. f4 Nd7 23. e4 Rb5 24. Qc4 Rxf5 25. exf5 Bg7 26. Nd4 Qd6 27. Rd1 Qc5 28. Qd3 Nb8 29. Rac1 Qxd4+ 30. Qxd4+ Bxd4+ 31. Rxd4 Na6 32. Rd7 c5 33. Rxf7 b3 34. Rf6 Nb4 35. Re6 b2 36. Rb1 Nd3 37. Re2 1-0